| 000 | 00641nam a2200241Ia 4500 | ||
|---|---|---|---|
| 999 |
_c4316 _d4316 |
||
| 001 | 30747 | ||
| 003 | GBCCL | ||
| 005 | 20241126110515.0 | ||
| 008 | 870326s1921 pau 000 0 eng | ||
| 010 | _a 22000287 | ||
| 035 | _a(OCoLC)15371246 | ||
| 040 |
_aDLC _cKAT |
||
| 049 | _aLBBK | ||
| 050 |
_aBS2555 _b.P5 |
||
| 082 |
_a226 _bPIN |
||
| 092 | _bP655 | ||
| 100 | 1 |
_aPink, Arthur Walkington, _d1886-1952. _92836 |
|
| 245 | 1 | 0 |
_aWhy four gospels? / _cArthur W. Pink. |
| 260 |
_aSwengel, Pa. : _bBible Truth Depot, _cc1921. |
||
| 300 |
_a184 p. ; _c19 cm. |
||
| 630 | 0 | 0 |
_aBible. _pN.T. _pGospels _xCommentaries. _98141 |
| 942 |
_2ddc _cBK _02 |
||